000
00445nam a2200145Ia 4500
008
100204s9999 xx 000 0 und d
082
_b
13602
100
_a
वालावलकर सी. पू.
245
_a
वस्तीकडे
260
_b
"उदयदीप प्रकाशन , मुंबई"
_c
1981
300
_a
128
630
_a
वस्तीकडे
730
_a
वस्तीकडे
942
_c
BOOK
999
_c
458034
_d
458031